LEADER 00669nac# 22001931i 450 001 UON00176751 005 20231205103115.781 100 $a20030730f |0itac50 ba 102 $aIT 105 $a|||| ||||| 110 $ab|||||||||| 200 1 $a Letture 463 1$1001UON00229388$12001 $aˆL'‰ albero del riccio$fAntonio Gramsci$gpres. e note di Giuseppe Ravegnani, ill. di Maria Enrica Agostinelli - 3. ed$1210 $aRoma$cEditori Riuniti$d1975$1215 $a133 p.$cill.$d19 cm$v4 620 $aIT$dRoma$3UONL000004 712 $aEditori Riuniti$3UONV246707$4650 801 $aIT$bSOL$c20240220$gRICA 912 $aUON00176751 996 $aLetture$977535 997 $aUNIOR